| 000 | 00884cam a22002533a 4500 | ||
|---|---|---|---|
| 001 | 10559 | ||
| 003 | PGUSA | ||
| 005 | 20140828083226.0 | ||
| 008 | 040101s2004||||xxu|||||s|||||000 p eng d | ||
| 040 |
_aPGUSA _beng |
||
| 042 | _adc | ||
| 050 | 4 | _aPR | |
| 100 | 1 |
_aStevenson, Robert Louis, _d1850-1894 |
|
| 245 | 1 | 0 |
_aBallads _h[electronic resource] / _cRobert Louis Stevenson |
| 260 |
_bProject Gutenberg, _c2004 |
||
| 505 | 0 | _aThe song of Rahéro: a legend of Tahiti -- The feast of famine: Marquesan manners -- Ticonderoga: a legend of the west highlands -- Heather ale: a Galloway legend -- Christmas at sea. | |
| 506 | _aCopyrighted. Read the copyright notice inside this book for details. | ||
| 516 | _aElectronic text | ||
| 653 | _aPoetry | ||
| 653 | _aBallads | ||
| 830 | 0 |
_aProject Gutenberg _v10559 |
|
| 856 | 4 | 0 | _uhttp://www.gutenberg.org/ebooks/10559 |
| 942 | _cAB | ||
| 999 |
_c239814 _d239814 |
||